Help! I've just given birth to a teenager. (Record no. 14692)

000 -LEADER
fixed length control field 00602nam a2200205 a 4500
001 - CONTROL NUMBER
control field :::00012525$&:&@@
003 - CONTROL NUMBER IDENTIFIER
control field OkBaRHE
005 - DATE AND TIME OF LATEST TRANSACTION
control field 20000607103420.0
008 - FIXED-LENGTH DATA ELEMENTS--GENERAL INFORMATION
fixed length control field j 000 0 eng u
040 ## - CATALOGING SOURCE
Transcribing agency
100 1# - MAIN ENTRY--PERSONAL NAME
Personal name Baker, Pat.
245 10 - TITLE STATEMENT
Title Help! I've just given birth to a teenager.
260 ## - PUBLICATION, DISTRIBUTION, ETC. (IMPRINT)
Place of publication, distribution, etc Grand Rapids, MI., :
Name of publisher, distributor, etc Baker Book House,c1987.
300 ## - PHYSICAL DESCRIPTION
Extent 127 p. ;
Dimensions 19 cm.
650 ## - SUBJECT ADDED ENTRY--TOPICAL TERM
Topical term or geographic name as entry element Adolescence
650 ## - SUBJECT ADDED ENTRY--TOPICAL TERM
Topical term or geographic name as entry element Parent and Child
650 ## - SUBJECT ADDED ENTRY--TOPICAL TERM
Topical term or geographic name as entry element Parenting
942 ## - ADDED ENTRY ELEMENTS (KOHA)
Source of classification or shelving scheme
Koha item type Books
Copies
Date last seen Price effective from Not for loan Full call number Damaged status Shelving location Lost status Copy number Withdrawn status Barcode Date acquired Source of classification or shelving scheme Permanent Location Koha item type
2010-04-142010-04-14 HQ 755 .B32 General Stacks 1 125252010-04-14 RHEMA Bible Training CollegeBooks